00454cam a22001451 4500040000900000082002700009100002200036245003500058260004300093300003200136500008600168650002000254650001700274700001700291 cOAkU a624 C.E 1968 A038 Co. 1 aParcher, James V.10aSoil mechanics and foundations a[Columbus, Ohio]bC.E. Merrillc[1968] axvi, 573 p.billus.c24 cm. a"Logical sequel to Physical properties of soils [by R.E. Means and J.V. Parcher]" 0aSoil mechanics. 0aFoundations.1 aMeans, R. E.